Statistiques concernant Filmographie Bruce Willis

Cliquez ici pour prendre le quiz!

Statistiques générales

  • Ce quiz a été pris 389 fois
    (173 depuis la dernière actualisation)
  • Le résultat moyen est 19 sur 116

Statistiques - réponses

AnnéeFilm/Série% Correct
1988(Die Hard 1) Piège de Cristal
95%
1990(Die Hard 2) 58 Minutes pour Vivre
95%
1995Die Hard 3 - Une Journée en Enfer
95%
2007Die Hard 4 : Retour en Enfer
95%
2013Die Hard : Belle Journée pour Mourir
95%
1999Sixième Sens
65%
1997Le Cinquième élément
54%
1994Pulp Fiction
54%
2012Expendables 2 : Unité Spéciale
52%
2010Expendables : Unité Spéciale
52%
1995L'Armée des 12 Singes
51%
2000Incassable
49%
1998Armageddon
46%
2010RED
45%
2013RED 2
45%
1999 (3 épisodes)Friends
42%
2019Glass
40%
1999Mon Voisin le Tueur
36%
2003Mon Voisin le Tueur 2
36%
2016Split
35%
1985-1987 (4 saisons) | 1988 (1 saison)Clair de Lune
33%
2005Sin City
28%
2014Sin City : j'ai tué pour elle
28%
1991Le Dernier Samaritain
24%
1991Hudson Hawk, Gentleman et Cambrioleur
22%
1997Le Chacal
22%
2012Looper
22%
1993Piège en Eaux Troubles
22%
1998Code Mercury
20%
2003Les Larmes du Soleil
18%
2009Clones
17%
2004Ocean's Twelve
17%
2005Otage
17%
1992La Mort vous va si Bien
16%
1994Color of Night
15%
200616 Blocs
14%
201910 Minutes Gone
12%
2013G.I. Joe : Conspiration
12%
1998Couvre-Feu
11%
2012Moonrise Kingdom
11%
2006Slevin
11%
1996Dernier Recours
10%
1990Le Bûcher des Vanités
9%
2000Sale Môme
9%
2007Planète Terreur - Un Film Grindhouse
8%
2010Top Cops
8%
1987Boire et Déboires
7%
2018Death Wish
7%
1988Meurtres à Hollywood
7%
2002Mission Evasion
7%
2008Panique à Hollywood
7%
1990Allo Maman c'est Encore Moi
6%
1989Allô Maman, Içi Bébé
6%
2007Dangereuse Séduction
6%
1993Alarme Fatale
5%
2001Bandits
5%
2019Brooklyn Affairs
5%
2006Nos Voisins, les Hommes
5%
1991Pensées Mortelles
5%
2012Sans Issue
5%
1998 (1 épisode)Ally McBeal
4%
1991Billy Bathgate
4%
2011Braqueurs
4%
2003Charlie's Angels - Les Anges se Déchaînent
4%
1980De Plein Fouet
4%
1984 (1 épisode)Deux Flics à Miami
4%
1995Groom Service
4%
2019La Grande Aventure Lego 2
4%
2021La Proie
4%
2017L.A. Rush
4%
1992The Player
4%
2015Vice
4%
2006Alpha Dog
3%
2008Assassinat d'un Président
3%
1999Breakfast of Champions
3%
2019Etat de Choc
3%
2015Extraction
3%
2006Fast Food Nation
3%
2012Fire with fire, vengeance par le feu
3%
2017First Kill
3%
2002Les Razmoket rencontrent les Delajungle
3%
1982Le Verdict
3%
2018Représailles
3%
2010Sans Compromis
3%
2005 (1 épisode)That 70's Show
3%
1999Une Vie à Deux
3%
1994Un Homme Presque Parfait
3%
1996Beavis et Butt-Head se font l'Amérique
2%
1996Bruno the Kid : The Animated Movie
2%
2002Grand Champion
2%
2012Lady Vegas - Les Mémoires d'une Joueuse
2%
1994L'Irrésistible North
2%
2016Marauders
2%
2007Nancy Drew
2%
2015Rock The Kasbah
2%
2020Survivre
2%
2006The Astronaut Farmer
2%
2014The Prince
2%
1988The Return of the Bruno
2%
1989Un Héros comme tant d'Autres
2%
2017Acts of Violence
1%
2014Altman
1%
2020Anti-Life
1%
2012BB King: The Life of Riley
1%
1980Ein Guru Kommt
1%
2019Entre Deux Fougères : Le Film
1%
2010I'm Still Here - The Lost Year Of Joaquin Phoenix
1%
1998Jackie Chan : My Story
1%
1985 (1 épisode)La Cinquième Dimension
1%
2018Les Sentinelles du Pacifique
1%
2015Magic City
1%
2016Precious Cargo
1%
1989That's Adequate
1%
2006The Hip Hop Project
1%
2002True West
1%

Distribution des résultats

Percentile par nombre de réponses

% des personnes avec chaque résultat

Votre développement - résultats

Vous n’avez pas pris ce quiz depuis la dernière actualisation